Normale Ansicht MARC-Ansicht ISBD

The Origins of the Labour Party, 1880 - 1900 / (Titelsatznr. 11393)

[ MARC ]
MARC-Details
000 -Satzkennung
Kontrollfeld mit fester Länge 00456nam a22001691c 4500
001 - Kontrollnummer
Kontrollfeld ht009593459
008 - Feld mit fester Länge zur physischen Beschreibung - Allgemeine Angaben
Kontrollfeld mit fester Länge 070117s1965 gw |||| 000u eng d
041 ## - Sprachcode
Sprachcode des Textes/der Tonspur oder des separaten Titels eng
040 ## - Katalogisierungsquelle
Übertragungsstelle RU-10907106
003 - Kontrollnummer Identifier
Kontrollfeld RU-10907106
100 1# - Haupteintragung - Personenname
Personenname Pelling, Henry
245 04 - Titel
Titel The Origins of the Labour Party, 1880 - 1900 /
Verfasserangabe etc. by Henry [Mathison] Pelling
250 ## - Ausgabebezeichnung
Ausgabebezeichnung 2. [rev.] ed.
264 ## - Produktion, Veröffentlichung, Distribution, Herstellung und Urheberrechtsvermerk
Herstellungs-, Veröffentlichungs- Vertriebs-, Erzeugungsort Oxford :
Produzent, Herausgeber, Distributor, Hersteller Clarendon Pr.,
Datum der Herstellung, der Veröffentlichung, des Vertriebs oder des Urheberschutzvermerks 1965
300 ## - Physische Beschreibung
Umfang IX, 256 S. ; 8-o
942 ## - Zusätzliche Felder (Koha)
Koha-Medientyp Monographien
Exemplare
Ausgeschieden Verloren Klassifikation oder Aufstellungssystematik Beschädigt Nicht entleihbar Heimatbibliothek Aufenthaltsbibliothek Aufstellungsort Erwerbungsdatum Inventarnummer Signatur Barcode Letzte Aktivität Preis gültig von Koha-Medientyp
    Andere/Generische Klassifikation     MWN Osteuropa MWN Osteuropa Lesesaal - 1 17/01/2007 07-00849 W 54 D ej Pel E004015078F69049 22/02/2021 22/03/2021 Monographien